000 00979nam a22002537a 4500
999 _c63627
_d63627
005 20240530110651.0
008 171212s2016 su a g b 000 0 ara d
017 _a1436/6937
_bالسعودية . مكتبة الملك فهد الوطنية
020 _a9786039069409
040 _aEG-CaGPL
_cEG-CaGPL
082 0 4 _221
_a371.42\
_bب إ
100 0 _aبهيرة شفيق ابراهيم الرباط
245 1 2 _aالاشراف المهنى التربوى بين الواقع و المأمول /
_cبهيرة شفيق ابراهيم الرباط
250 _aط.1
260 _aالرياض :
_bدار الزهراء ،
_c2016 .
300 _a776 ص. ؛
_c24 سم.
504 _aببليوجرافية : ص 731 - 757
650 0 7 _2qrmak
_aالاشراف التربوى
650 0 7 _2qrmak
_aالطلاب
650 0 7 _2qrmak
_aالتدريب
650 0 7 _2qrmak
_aالمدارس
_xاشراف
942 _2ddc
_cBK